| 000 | 00427nam a2200181Ia 4500 | ||
|---|---|---|---|
| 001 | 7950 | ||
| 005 | 20260306160533.0 | ||
| 008 | 260306t1989||||xx |||||||||||||| ||spa|| | ||
| 041 | _aESP | ||
| 082 |
_a364.1 _bA157 |
||
| 100 |
_aAnsión, Juan (ed.) _eAUT |
||
| 245 | 0 | _aPishtacos de verdugoa a sacaojos | |
| 260 | _c1989 | ||
| 300 |
_a159 páginas : _c20 cm. |
||
| 650 | _aGEN | ||
| 654 | _aCAN | ||
| 942 |
_cLIB _dJUS _fJUS _2ddc _n |
||
| 999 |
_c7950 _d7950 |
||